Oscar Nominees for Major Categories Part 2 (2005-2009) Quiz Stats

 Plays Quiz not verified by Sporcle

Also try: Musical by Clip
Challenge
Share
Tweet
Embed
Score 0/222 Timer 20:00
0 Plays Today
Hint Answer % Correct
2005George Clooney (Good Night, and Good Luck.)
96.6%
2005Heath Ledger (Brokeback Mountain)
96.6%
2005George Clooney (Syriana)
96.6%
2007George Clooney (Michael Clayton)
96.6%
2008Heath Ledger (The Dark Knight)
96.6%
2009George Clooney (Up in the Air)
96.6%
2005Jake Gyllenhaal (Brokeback Mountain)
95.9%
2006The Departed
95.9%
2006The Departed
95.9%
2006Meryl Streep (The Devil Wears Prada)
95.2%
2008Meryl Streep (Doubt)
95.2%
2009Meryl Streep (Julie & Julia)
95.2%
2009Maggie Gyllenhaal (Crazy Heart)
95.2%
2005Brokeback Mountain
94.5%
2005Philip Seymour Hoffman (Capote)
94.5%
2005Brokeback Mountain
94.5%
2007Philip Seymour Hoffman (Charlie Wilson's War)
94.5%
2008Philip Seymour Hoffman (Doubt)
94.5%
2005Judi Dench (Mrs Henderson Presents)
93.8%
2005William Hurt (A History of Violence)
93.8%
2005Amy Adams (Junebug)
93.8%
2006Judi Dench (Notes on a Scandal)
93.8%
2008Brad Pitt (The Curious Case of Benjamin Button)
93.8%
2008Amy Adams (Doubt)
93.8%
2006Cate Blanchett (Notes on a Scandal)
93.1%
2007Cate Blanchett (Elizabeth: The Golden Age)
93.1%
2007Cate Blanchett (I'm Not There)
93.1%
2009Up
93.1%
2009Up
93.1%
2009Up
93.1%
2006Leonardo DiCaprio (Blood Diamond)
92.4%
2007No Country for Old Men
92.4%
2007No Country for Old Men
92.4%
2009Up in the Air
92.4%
2009Up in the Air
92.4%
2005Michelle Williams (Brokeback Mountain)
91.7%
2007Michael Clayton
91.7%
2007Michael Clayton
91.7%
2006Martin Scorsese (The Departed)
91%
2006Kate Winslet (Little Children)
91%
2008Sean Penn (Milk)
91%
2008Kate Winslet (The Reader)
91%
2005Crash
90.3%
2005Crash
90.3%
2007Daniel Day-Lewis (There Will Be Blood)
90.3%
2007Javier Bardem (No Country for Old Men)
90.3%
2006Helen Mirren (The Queen)
89.7%
2007There Will Be Blood
89.7%
2007There Will Be Blood
89.7%
2009Jeff Bridges (Crazy Heart)
89.7%
2009Helen Mirren (The Last Station)
89.7%
2005Capote
89%
2005Ang Lee (Brokeback Mountain)
89%
2005Capote
89%
2006Little Miss Sunshine
88.3%
2006The Queen
88.3%
2006Little Miss Sunshine
88.3%
2006The Queen
88.3%
2008Anne Hathaway (Rachel Getting Married)
88.3%
2005Good Night, and Good Luck.
87.6%
2005Good Night, and Good Luck.
87.6%
2006Alan Arkin (Little Miss Sunshine)
87.6%
2007Tommy Lee Jones (In the Valley of Elah)
87.6%
2008Milk
87.6%
2008Milk
87.6%
2009The Hurt Locker
87.6%
2009The Hurt Locker
87.6%
2008Viola Davis (Doubt)
86.9%
2005Steven Spielberg (Munich)
86.2%
2006Letters from Iwo Jima
86.2%
2006Letters from Iwo Jima
86.2%
2009Avatar
86.2%
2009Sandra Bullock (The Blind Side)
86.2%
2005Reese Witherspoon (Walk the Line)
85.5%
Hint Answer % Correct
2006Clint Eastwood (Letters from Iwo Jima)
85.5%
2006Mark Wahlberg (The Departed)
85.5%
2008The Reader
85.5%
2008The Reader
85.5%
2005Munich
84.8%
2005Joaquin Phoenix (Walk the Line)
84.8%
2005Munich
84.8%
2006Penelope Cruz (Volver)
84.8%
2008Slumdog Millionaire
84.8%
2008Penelope Cruz (Vicky Cristina Barcelona)
84.8%
2008Slumdog Millionaire
84.8%
2009Penelope Cruz (Nine)
84.8%
2006Jennifer Hudson (Dreamgirls)
84.1%
2008The Curious Case of Benjamin Button
84.1%
2008The Curious Case of Benjamin Button
84.1%
2008Doubt
84.1%
2009Precious
84.1%
2009Matt Damon (Invictus)
84.1%
2009Precious
84.1%
2009James Cameron (Avatar)
83.4%
2009Morgan Freeman (Invictus)
82.8%
2005Charlize Theron (North Country)
82.1%
2005Matt Dillon (Crash)
82.1%
2009Anna Kendrick (Up in the Air)
82.1%
2006Forest Whitaker (The Last King of Scotland)
81.4%
2006Ryan Gosling (Half Nelson)
81.4%
2006Notes on a Scandal
81.4%
2007Juno
81.4%
2007Juno
81.4%
2009Christopher Plummer (The Last Station)
81.4%
2007Atonement
80.7%
2007Tilda Swinton (Michael Clayton)
80.7%
2007Atonement
80.7%
2009The Blind Side
80%
2009Inglourious Basterds
80%
2009Inglourious Basterds
80%
2006Babel
79.3%
2006Babel
79.3%
2007Tom Wilkinson (Michael Clayton)
79.3%
2009Kathryn Bigelow (The Hurt Locker)
79.3%
2009Colin Firth (A Single Man)
79.3%
2005Terrence Howard (Hustle & Flow)
78.6%
2006Abigail Breslin (Little Miss Sunshine)
78.6%
2008Frost/Nixon
78.6%
2008Frost/Nixon
78.6%
2009Christoph Waltz (Inglourious Basterds)
78.6%
2006Eddie Murphy (Dreamgirls)
77.9%
2007Ellen Page (Juno)
77.9%
2008Josh Brolin (Milk)
77.9%
2008Ron Howard (Frost/Nixon)
77.9%
2009Jeremy Renner (The Hurt Locker)
77.9%
2009Mo'Nique (Precious
77.9%
2007Saoirse Ronan (Atonement)
77.2%
2009Gabourey Sidibe (Precious)
77.2%
2005David Strathairn (Good Night, and Good Luck.)
76.6%
2006Will Smith (The Pursuit of Happyness)
76.6%
2009Quentin Tarantino (Inglourious Basterds)
76.6%
2007Viggo Mortensen (Eastern Promises)
75.9%
2007Casey Affleck (The Assassination of Jesse James by the Coward Robert Ford)
75.9%
2005Keira Knightley (Pride & Prejudice)
75.2%
2005Frances McDormand (North Country)
75.2%
2007Joel Coen & Ethan Coen (No Country for Old Men)
75.2%
2007Johnny Depp (Sweeney Todd)
75.2%
2007Marion Cotillard (La Vie en Rose)
75.2%
2009Stanley Tucci (The Lovely Bones)
75.2%
2005Syriana
73.8%
2007Paul Thomas Anderson (There Will Be Blood)
73.8%
2008Frank Langella (Frost/Nixon)
73.8%
2009Carey Mulligan (An Education)
73.8%
2008Danny Boyle (Slumdog Millionaire)
73.1%
2008Angelina Jolie (Changeling)
73.1%
2006Little Children
71.7%
2008Robert Downey Jr. (Tropic Thunder)
71.7%
2009An Education
71.7%
Hint Answer % Correct
2009An Education
71.7%
2008David Fincher (The Curious Case of Benjamin Button)
71%
2008Melissa Leo (Frozen River)
71%
2009Vera Farmiga (Up in the Air)
71%
2008Mickey Rourke (The Wrestler)
70.3%
2005A History of Violence
69.7%
2006Djimon Hounsou (Blood Diamond)
69.7%
2008Taraji P. Henson (The Curious Case of Benjamin Button)
69.7%
2009Woody Harrelson (The Messenger)
69%
2008Marisa Tomei (The Wrestler)
67.6%
2005Rachel Weisz (The Constant Gardener)
66.9%
2005Catherine Keener (Capote)
66.9%
2007Julie Christie (Away from Her)
66.9%
2007Laura Linney (The Savages)
66.9%
2009District 9
66.9%
2009District 9
66.9%
2006Peter O'Toole (Venus)
65.5%
2008Richard Jenkins (The Visitor)
65.5%
2006Jackie Earle Haley (Little Children)
64.8%
2006Rinko Kikuchi (Babel)
64.1%
2007Jason Reitman (Juno)
64.1%
2009Lee Daniels (Precious)
64.1%
2009Jason Reitman (Up in the Air)
64.1%
2006Adriana Barraza (Babel)
63.4%
2008Wall-E
63.4%
2008Wall-E
63.4%
2005Paul Haggis (Crash)
62.8%
2005Felicity Huffman (Transamerica)
62.8%
2007Amy Ryan (Gone Baby Gone)
62.8%
2006Stephen Frears (The Queen)
62.1%
2005Bennett Miller (Capote)
61.4%
2007Ratatouille
61.4%
2007Ratatouille
61.4%
2008Michael Shannon (Revolutionary Road)
61.4%
2009A Serious Man
61.4%
2009A Serious Man
61.4%
2007Ruby Dee (American Gangster)
60.7%
2006Alejandro Inarritu (Babel)
60%
2008Gus Van Sant (Milk)
60%
2005Paul Giamatti (Cinderella Man)
59.3%
2005The Constant Gardener
59.3%
2009The Messenger
59.3%
2006Cars
57.9%
2008Stephen Daldry (The Reader)
57.9%
2007Tony Gilroy (Michael Clayton)
57.2%
2007Hal Holbrook (Into the Wild)
55.9%
2007The Savages
55.9%
2007Away from Her
55.9%
2008Frozen River
55.9%
2007Julian Schnabel (The Diving Bell and the Butterfly)
51.7%
2008In Bruges
51%
2006Paul Greengrass (United 93)
49.7%
2006Happy Feet
49%
2007The Diving Bell and the Butterfly
47.6%
2007Lars and the Real Girl
46.9%
2005Wallace and Gromit: The Curse of the Were-Rabbit
46.2%
2009The Princess and the Frog
43.4%
2008Bolt
42.1%
2008Kung Fu Panda
42.1%
2009Fantastic Mr. Fox
40.7%
2005Match Point
39.3%
2009Coraline
39.3%
2007Surf's Up
38.6%
2009The Secret of Kells
38.6%
2006Monster House
37.2%
2007Persepolis
37.2%
2005The Squid and the Whale
36.6%
2008Happy-Go-Lucky
36.6%
2009In the Loop
35.9%
2005Corpse Bride
35.2%
2006Pan's Labyrinth
35.2%
2006Borat
34.5%
2006Children of Men
33.8%
2005Howl's Moving Castle
32.4%

You're not logged in!

Compare scores with friends on all Sporcle quizzes.
OR
Log In

You Might Also Like...

Show Comments

Extras

Top Quizzes Today


Score Distribution

Your Account Isn't Verified!

In order to create a playlist on Sporcle, you need to verify the email address you used during registration. Go to your Sporcle Settings to finish the process.

Report this User

Report this user for behavior that violates our Community Guidelines.

Details: